000 00795nam a22001937a 4500
005 20100726151256.0
010 _aENG-96753
020 _c250.00
035 _aEN-80286
037 _bDBAD/PUB
082 _a213.31
100 _aSawant, Rahul
_91543
245 _aThe constitution of universe redefined by god :
_bgod rules government of all nationson planet earth, so do government rules people /
_cby Sahul Sawant
260 _aMumbai
_bVandana Prakashan
_c 2009
270 _aB-10, Brothers Co- Op. Hsg. Soc., LT. Dilip Gupte Marg, Shivaji Park
_bMumbai
_e400016
300 _a256p
_c22cm (Pbk)
942 _2ddc
_cEN
_h231.31
_mSAW
999 _c37769
_d37769